Macroeconomic policy: inflation, wealth and the exchange rate (Record no. 356134)

000 -LEADER
fixed length control field 00415cam a22001337a 4500
008 - FIXED-LENGTH DATA ELEMENTS--GENERAL INFORMATION
fixed length control field 180718b1990 xxu||||| |||| 00| 0 eng d
082 ## - DEWEY DECIMAL CLASSIFICATION NUMBER
Classification number T000x42 W372
100 ## - MAIN ENTRY--PERSONAL NAME
Personal name Weale, Martin, et al.
245 ## - TITLE STATEMENT
Title Macroeconomic policy: inflation, wealth and the exchange rate
Statement of responsibility, etc. by Martin Weale, et.al
260 ## - PUBLICATION, DISTRIBUTION, ETC.
Place of publication, distribution, etc. London
Name of publisher, distributor, etc. Unwin Hyman
Date of publication, distribution, etc. 1990
300 ## - PHYSICAL DESCRIPTION
Extent 372p.
650 ## - SUBJECT ADDED ENTRY--TOPICAL TERM
Topical term or geographic name entry element Econometric model
650 ## - SUBJECT ADDED ENTRY--TOPICAL TERM
Topical term or geographic name entry element Economic policy - U.K.
Holdings
Withdrawn status Lost status Damaged status Not for loan Permanent Location Current Location Date acquired Full call number Barcode Date last seen Price effective from Koha item type
        Indian Institute of Public Administration Indian Institute of Public Administration 1994-01-01 T000x42 W372 65357 2018-07-21 2018-07-21 Book

Powered by Koha